| 000 | 00453 a2200181 4500 | ||
|---|---|---|---|
| 003 | OSt | ||
| 005 | 20180116182658.0 | ||
| 008 | 160818b xxu||||| |||| 00| 0 eng d | ||
| 020 | _a8175541024 | ||
| 040 | _c0 | ||
| 082 | _a781.644 STE 1999 | ||
| 100 | _aSTEVE SMITH | ||
| 245 |
_aMAKE THINGS HAPPEN _cSTEVE SMITH |
||
| 260 |
_aNEW DELHI _bKogan Page _c1999 |
||
| 300 |
_a174 p. _bPB |
||
| 440 | _aMAKE THINGS HAPPEN | ||
| 942 |
_aNBS _cBK _k781.644 _2ddc |
||
| 999 |
_c343948 _d343948 |
||